İçeriği atla

Конструктивные особенности систем питания судоходных шлюзов монография

Приводятся краткие исторические сведения о возникновении судоходных шлюзов и их строительстве в России. Даются понятия о различных типах систем питания судоходных шлюзов водой. Изложено развитие систем питания от простых при малых напорах на шлюзы, до сложных современных систем питания для высоконап...

Ful tanımlama

Kaydedildi:
Detaylı Bibliyografya
Yazar: Гапеев А. М.
Diğer Yazarlar: Кононов В. В., Моргунов К. П.
Materyal Türü: Книга
Dil:Russian
Baskı/Yayın Bilgisi: Санкт-Петербург Лань 2023
Edisyon:3-е изд., стер.
Konular:
Online Erişim:https://e.lanbook.com/book/320765
https://e.lanbook.com/img/cover/book/320765.jpg
Etiketler: Etiketle
Etiket eklenmemiş, İlk siz ekleyin!
LEADER 03416nam0a2200445 i 4500
001 320765
003 RuSpLAN
005 20240216150941.0
008 240216s2023 ru gs 000 0 rus
020 |a 978-5-507-47022-8 
040 |a RuSpLAN 
041 0 |a rus 
044 |a ru 
084 |a 39.42-01  |2 rubbk 
245 0 0 |a Конструктивные особенности систем питания судоходных шлюзов  |b монография  |c Гапеев А. М.,Кононов В. В.,Моргунов К. П. 
250 |a 3-е изд., стер. 
260 |a Санкт-Петербург  |b Лань  |c 2023 
300 |a 280 с. 
504 |a Библиогр.: доступна в карточке книги, на сайте ЭБС Лань 
520 8 |a Приводятся краткие исторические сведения о возникновении судоходных шлюзов и их строительстве в России. Даются понятия о различных типах систем питания судоходных шлюзов водой. Изложено развитие систем питания от простых при малых напорах на шлюзы, до сложных современных систем питания для высоконапорных шлюзов. Выполнен анализ их конструктивных особенностей, рассмотрены вопросы проектирования различных систем питания камер шлюзов водой. В приложении приведены данные о судоходных шлюзах России, стран СНГ и Балтии. Для научных и проектных организаций, специализирующихся в области водных путей и судоходных гидротехнических сооружений. Рекомендуется к использованию в учебном процессе при подготовке бакалавров и магистров направления подготовки «Строительство» и аспирантов, обучающихся по направлению «Техника и технологии строительства». 
521 8 |a Книга из коллекции Лань - Инженерно-технические науки 
653 0 |a судоходство 
653 0 |a шлюз 
653 0 |a судоходный шлюз 
653 0 |a система питания шлюза 
653 0 |a напор 
653 0 |a высоконапорный шлюз 
653 0 |a коструктивные особенности 
653 0 |a гиротехнические сооружения 
653 0 |a камера шлюза 
653 0 |a водные пути 
653 0 |a сосредоточенные системы питания 
653 0 |a распределительные системы питания 
653 0 |a сберегательный бассейн 
100 1 |a Гапеев А. М. 
700 1 |a Кононов В. В. 
700 1 |a Моргунов К. П. 
856 4 |u https://e.lanbook.com/book/320765 
856 4 8 |u https://e.lanbook.com/img/cover/book/320765.jpg 
953 |a https://e.lanbook.com/img/cover/book/320765.jpg 
Cannot write session to /tmp/vufind_sessions/sess_obd56mplru4u9s6oa91ab84b5h